Most Densely Populated Countries in Africa - Statistics

General Stats
  • This quiz has been taken 42 times
  • The average score is 9 of 10
Answer Stats
624.0 km² Country % Correct
197.2 Nigeria
97%
401.7 Burundi
92%
440.8 Rwanda
92%
363.1 Comoros
89%
211.0 Seychelles
89%
624.0 Mauritius
86%
145.3 Malawi
84%
165.4 Uganda
84%
189.8 Sao Tome and Principe
81%
176.2 Gambia
68%
No matching quizzes found
Score Distribution
Percent of People with Each Score
Percentile by Number Answered
Your Score History
You have not taken this quiz